Countries that Start with A - Statistics

General Stats
  • This quiz has been taken 44 times
  • The average score is 10 of 11
Answer Stats
Country % Correct
Australia
97%
Azerbaijan
97%
Angola
89%
Albania
86%
Argentina
86%
Armenia
86%
Austria
86%
Andorra
84%
Afghanistan
81%
Algeria
81%
Antigua and Barbuda
81%
No matching quizzes found
Score Distribution
Percent of People with Each Score
Percentile by Number Answered
Your Score History
You have not taken this quiz